000 00315nam a2200121 a 4500
005 20140414131920.0
008 101022s19uu xx 00 eng d
050 _aER
_bW72 1993
100 _aMilne, A. A.
245 _aPooh goes visiting.
260 _aNew York :
_bDutton Children's Book,
_c1993.
999 _c111702
_d111702